Online Catalogue and eLibrary

Indian immigrant plantation workers in Sri Lanka (Record no. 2725)

MARC details
000 -LEADER
fixed length control field 00469nam a2200181Ia 4500
005 - DATE AND TIME OF LATEST TRANSACTION
control field 20240610013853.0
008 - FIXED-LENGTH DATA ELEMENTS--GENERAL INFORMATION
fixed length control field 240331s9999 xx 000 0 und d
020 ## - INTERNATIONAL STANDARD BOOK NUMBER
ISBN
082 ## - DDC Classification
Item Number - Author Mark WES
Class No. 331
100 ## - MAIN ENTRY--PERSONAL NAME
Personal name Wesumperuma, Dharmapriya
245 #0 - TITLE STATEMENT
Title Indian immigrant plantation workers in Sri Lanka
250 ## - EDITION STATEMENT
Edition statement 1 st
260 ## - PUBLICATION, DISTRIBUTION, ETC.
Place of publication, distribution, etc. SriLanka
Name of publisher, distributor, etc. Sri Lanka National Library
Date of publication, distribution, etc. 1986
300 ## - PHYSICAL DESCRIPTION
Extent (e.g. Volumes, Pages etc.) xx, 325 p .,
650 ## - SUBJECT ADDED ENTRY--TOPICAL TERM
Topical term or geographic name entry element Labor Migration
650 ## - SUBJECT ADDED ENTRY--TOPICAL TERM
Topical term or geographic name entry element Economic
942 ## - Koha item type (Biblio)
Koha item type Books in Stacks (Lending)
Holdings
Lost status Damaged status Collection code Home library Current library Shelving location Date acquired Full call number Accession Number Item type
    Lending WERC Library WERC Library Social Science Cupboard 03/31/2024 331.62 WES 63 Books in Stacks (Lending)

© WERC Library